000 00473nam a2200169 a 4500
001 2136
003 CO-ViMGA
008 141112s2004 ck r 000 u spa d
040 _aCO-ViMGA
_bspa
_cCO-ViMGA
082 0 4 _a927.5 V15m
100 1 _aMatzger, Rainer
_950914
245 1 0 _aVincent Van Gogh 1853 - 1890 /
_cMatzger Rainer , Walther Ingo
260 _aNew York :
_bTaschen,
_c1996
300 _a96 p : il
650 1 4 _aVAN GOGH, VINCENT 1853 - 1890
942 _2ddc
_cBK
999 _c14275
_d14275